|
|
|
|
| LEADER |
00000cam a2200000 7i4500 |
| 001 |
0000037253 |
| 005 |
20130830.0 |
| 008 |
130830 |
| 020 |
|
|
|a 8187458127
|
| 090 |
0 |
0 |
|a 954.035092
|b FRI
|
| 245 |
1 |
0 |
|a Friends of Gandhi :
|b correspondence of Mahatma Gandhi with Esther Faering (Menon), Anne Marie Petersen, and Ellen Horup
|c Edited by E.S.Reddy & Holger Terp
|
| 260 |
|
|
|a New Delhi :
|b National Gandhi Museum ; New Delhi ,
|c 2006
|
| 650 |
|
0 |
|a Gandhi, Mahatma 1869-1948
|
| 650 |
|
0 |
|a Gandhi, Mahatma 1869-1948
|x friends and associates
|
| 650 |
|
0 |
|a Nationalists
|
| 650 |
|
0 |
|a Politics
|
| 650 |
|
0 |
|a Statesman
|
| 651 |
|
0 |
|a India
|
| 700 |
1 |
|
|a Reddy, E.S.
|
| 700 |
1 |
|
|a Terp, Holger
|
| 999 |
|
|
|a 0001023464
|b Book
|c Adult Collection
|e Cawangan Urban Transformation Centre
|
| 999 |
|
|
|a 0001023465
|b Book
|c Adult Collection
|e Perbadanan Perpustakaan Awam Johor
|